| 000 | 02847cab a2200253 ab4500 | ||
|---|---|---|---|
| 005 | 20240910064040.0 | ||
| 008 | 991125c2015 mx ar p o 000 0 spa d | ||
| 035 | _aUPN01000211567 | ||
| 040 |
_aMX-MxUPN _bspa _cMX-MxUPN _eaacr2 |
||
| 049 | _aART-E | ||
| 100 | 1 | _aKlingner, Donald | |
| 100 | 1 | _udonald.klingner@gmail.com | |
| 245 | 1 | 3 |
_aLa administración pública en México y Estados Unidos: _buna propuesta de agenda binacional de investigación _h[recurso electrónico en línea] |
| 520 | 3 | _aMéxico y Estados Unidos comparten muchas preocupaciones políticas. Ambos países fronterizos sufren por cuestiones políticas complejas, incluyendo el tráfico de drogas, las organizaciones criminales transnacionales (OTC) y la cuestión de la migración humana. Bajo esta complejidad, el contexto y la historia sí importan (sí significan). Si bien cada país prefiere abordar estos temas desde una perspectiva a corto plazo, en el sentido de “buscar apagar incendios” esto se entiende mejor en el contexto de las tendencias globales y eventos subyacentes, y desde la necesaria perspectiva que implique a ambos países para su comprensión. Este escenario genera también oportunidades demasiado buenas para desperdiciar. Es natural que cada país mire estas cuestiones y asuma la cooperación entre países desde una actitud negativa, más como se tratara de amenazas. Sin embargo, debido a que se pueden resolver mejor de forma cooperativa estas cuestiones también representan una oportunidad - no reconocida y demasiada buena a veces para desperdiciarse - en términos de construir la confianza y la capacidad política y administrativa entre ambos países para el tratamiento de temas de impacto y alcance tanto nacional como internacional. Por ello, se trata de proponer una agenda binacional de políticas públicas, en donde cada país deberá centrarse en una agenda de seguridad nacional de cooperación entre gobiernos locales, estatales, regionales y federales, que involucre empresas, organizaciones sin fines de lucro y medios de comunicación. Se cuenta con experiencias exitosas previas y esta agenda fue el tema central de un simposio internacional sobre "México y los EE.UU.: Acercamientos Cooperativos hacia la Seguridad Humana Compartida ", patrocinado por la Escuela de Asuntos Públicos de la Universidad de Colorado en Colorado Springs, que se llevó a cabo del 5 de mayo de 2015. RIESED | |
| 650 | 4 |
_aAdministración pública _9637 |
|
| 653 | 0 | _aNarcotráfico | |
| 653 | 0 | _aInseguridad | |
| 653 | 0 | _aCrimen organizado | |
| 773 |
_gVol. 3, no. 5 (2015), p .97-108 _tRIESED: revista internacional de estudios sobre sistemas educativos _x2007-9117 |
||
| 856 | 4 | _uhttp://www.riesed.org/index.php/RIESED/article/view/73 | |
| 902 |
_aLeonor Sotres _bLeonor Sotres/280423 |
||
| 905 | _aArticulo | ||
| 942 | _cART-E | ||
| 999 |
_c183668 _d183668 |
||